| 000 -LEADER |
| fixed length control field |
03030cam a22004217i 4500 |
| 003 - CONTROL NUMBER IDENTIFIER |
| control field |
OSt |
| 005 - DATE AND TIME OF LATEST TRANSACTION |
| control field |
20240117155106.0 |
| 008 - FIXED-LENGTH DATA ELEMENTS--GENERAL INFORMATION |
| fixed length control field |
190918s2019 gw ab 000 0 eng d |
| 020 ## - INTERNATIONAL STANDARD BOOK NUMBER |
| International Standard Book Number |
9783791358567 |
| Qualifying information |
(book trade edition ; |
| -- |
hardbound) |
| 020 ## - INTERNATIONAL STANDARD BOOK NUMBER |
| International Standard Book Number |
9783791369150 |
| Qualifying information |
(Aga Khan Trust for Culture edition) |
| 042 ## - AUTHENTICATION CODE |
| Authentication code |
lccopycat |
| 043 ## - GEOGRAPHIC AREA CODE |
| Geographic area code |
a-pk--- |
| 082 04 - DEWEY DECIMAL CLASSIFICATION NUMBER |
| Classification number |
954.9143 |
| Edition number |
23 |
| 130 0# - MAIN ENTRY--UNIFORM TITLE |
| Uniform title |
Lahore (Prestel Verlag) |
| 245 10 - TITLE STATEMENT |
| Title |
Lahore : |
| Remainder of title |
a framework for urban conservation / |
| Statement of responsibility, etc |
edited by Philip Jodidio. |
| 300 ## - PHYSICAL DESCRIPTION |
| Extent |
400 pages : |
| Other physical details |
illustrations (chiefly color), maps ; |
| Dimensions |
29 cm |
| 500 ## - GENERAL NOTE |
| General note |
"The Aga Khan Historic Cities Programme." |
| 520 ## - SUMMARY, ETC. |
| Summary, etc |
Explore the magnificent, ancient city of Lahore, Pakistan, and learn how its culture, infrastructure, and economy are being revitalized for the 21st century. The cultural capital of Pakistan, and one of the world's most historically fascinating cities--Lahore--has retained much of its historic heritage despite centuries of turbulence. Today it remains a vibrant epicenter of commercial and cultural activity. Since 2007 the Aga Khan Trust for Culture has been working to preserve the walled city of Lahore. This book explores every aspect of that effort, including drafting a strategic master plan, mapping strategies for conserving monuments, gardens, and temples, renovating neighborhoods and landscapes, and developing environmental solutions. It focuses on specific sites, such as the breathtaking Shahi Hammam, or Royal Bath; the Shahi Guzargah heritage trail; the fabled Imperial Kitchen; Lahore Fort--a World Heritage site--and the Badshahi and Wazir Khan mosques. Filled with illustrations, maps, architectural plans, and detailed information about the engineering and conservation projects, this book is an unparalleled exploration of urban renaissance at its most ambitious, as well as a thrilling introduction to one of the world's most important cultural cities. |
| 610 20 - SUBJECT ADDED ENTRY--CORPORATE NAME |
| Corporate name or jurisdiction name as entry element |
Aga Khan Trust for Culture. |
| Subordinate unit |
Historic Cities Programme. |
| 650 #0 - SUBJECT ADDED ENTRY--TOPICAL TERM |
| Topical term or geographic name as entry element |
Historic preservation |
| Geographic subdivision |
Pakistan |
| -- |
Lahore. |
| 650 #0 - SUBJECT ADDED ENTRY--TOPICAL TERM |
| Topical term or geographic name as entry element |
Architecture |
| General subdivision |
Conservation and restoration |
| Geographic subdivision |
Pakistan |
| -- |
Lahore. |
| 650 #0 - SUBJECT ADDED ENTRY--TOPICAL TERM |
| Topical term or geographic name as entry element |
Cultural property |
| General subdivision |
Protection |
| Geographic subdivision |
Pakistan |
| -- |
Lahore. |
| 650 #7 - SUBJECT ADDED ENTRY--TOPICAL TERM |
| Topical term or geographic name as entry element |
Architecture |
| General subdivision |
Conservation and restoration. |
| Source of heading or term |
fast |
| 650 #7 - SUBJECT ADDED ENTRY--TOPICAL TERM |
| Topical term or geographic name as entry element |
Buildings. |
| Source of heading or term |
fast |
| 650 #7 - SUBJECT ADDED ENTRY--TOPICAL TERM |
| Topical term or geographic name as entry element |
Cultural property |
| General subdivision |
Protection. |
| Source of heading or term |
fast |
| 650 #7 - SUBJECT ADDED ENTRY--TOPICAL TERM |
| Topical term or geographic name as entry element |
Historic buildings |
| General subdivision |
Conservation and restoration. |
| Source of heading or term |
fast |
| 650 #7 - SUBJECT ADDED ENTRY--TOPICAL TERM |
| Topical term or geographic name as entry element |
Historic preservation. |
| Source of heading or term |
fast |
| 650 #7 - SUBJECT ADDED ENTRY--TOPICAL TERM |
| Topical term or geographic name as entry element |
Historic sites |
| General subdivision |
Conservation and restoration. |
| Source of heading or term |
fast |
| 651 #0 - SUBJECT ADDED ENTRY--GEOGRAPHIC NAME |
| Geographic name |
Lahore (Pakistan) |
| General subdivision |
Buildings, structures, etc. |
| 651 #7 - SUBJECT ADDED ENTRY--GEOGRAPHIC NAME |
| Geographic name |
Pakistan |
| Geographic subdivision |
Lahore. |
| Source of heading or term |
fast |
| 700 1# - ADDED ENTRY--PERSONAL NAME |
| Personal name |
Jodidio, Philip, |
| Relator term |
editor. |
| 710 2# - ADDED ENTRY--CORPORATE NAME |
| Corporate name or jurisdiction name as entry element |
Aga Khan Trust for Culture. |
| Subordinate unit |
Historic Cities Programme. |
| 776 08 - ADDITIONAL PHYSICAL FORM ENTRY |
| International Standard Book Number |
9783791369150 |
| Display text |
Aga Khan Trust for Culture edition |
| 906 ## - LOCAL DATA ELEMENT F, LDF (RLIN) |
| a |
7 |
| b |
cbc |
| c |
copycat |
| d |
2 |
| e |
epcn |
| f |
20 |
| g |
y-gencatlg |
| 942 ## - ADDED ENTRY ELEMENTS (KOHA) |
| Source of classification or shelving scheme |
|
| 955 ## - COPY-LEVEL INFORMATION (RLIN) |
| Book number/undivided call number, CCAL (RLIN) |
xd04 2019-09-18 |
| Classification number, CCAL (RLIN) |
xn11 2020-10-05 1 copy rec'd., to USASH |
| 955 ## - COPY-LEVEL INFORMATION (RLIN) |
| Book number/undivided call number, CCAL (RLIN) |
rk11 2021-11-17 z-processor |
| Copy status, CST (RLIN) |
rk11 2021-11-17 to CMD |